000 00639nam a22001937a 4500
001 BD-DhSAU 10365
003 BD-DhSAU
005 20150627120442.0
008 150624b1987 bg ||||| |||| 00| 0 ben d
040 _aBD-DhSAU
082 _222
_a...
_bআহদূ
100 _aআহমেদ, হুমায়ূন
245 _aদূরে কোথায় /
_c হুমায়ূন আহমেদ
260 _aঢাকা :
_bআহমদ পাবলিশিং,
_c১৯৮৭.
300 _a২২২ পৃ। :
_c২২ সে মি।
590 _aJerin
650 _aউপন্যাস
942 _2ddc
_cBOOK
999 _c10365
_d10364